Allgemeines Fußball-Quiz - Statistiken

Allgemein
  • Dieses Quiz wurde 118 mal gespielt
  • Das Durchschnittsergebnis liegt bei 17 aus 20
Antwortstatistiken
Hint Antwort % Korrekt
2. Welcher Spieler hat in der Bundesliga die meisten Tore in einer Saison geschossen? Lewandowski
98%
6. Welche Mannschaft hat die meisten WM Titel? Brasilien
96%
11. Welcher Verein gewann 2013 das Triple? Bayern
94%
10. Welcher Spieler hat den Spitznamen "Der-Kaiser"? Franz Beckenbauer
94%
18. Welcher Spieler ist der Rekordtorschütze der Bundesliga? Gerd Müller
93%
5. Welcher Torwart hat die meisten "Zu-Null" Spiele in der Bundesliga? Manuel Neuer
93%
9. Welche Mannschaft gewann die Europameisterschaft 2016? Portugal
90%
1. Welcher Spieler konnte als einziger, 3 Mal die Weltmeisterschaft gewinnen? Pele
89%
8. Welche Mannschaft gewann die erste Weltmeisterschaft 1930? Uruguay
89%
15. Wer gilt als "The Egyptian King"? Salah
88%
4. Wer war der teuerste Fußballtransfer? Neymar
85%
13. Welcher Spieler schoss 5 Tore in 9 Minuten? Lewandowski
84%
16. Welcher Spieler wird "La Pulga" (Der Floh), genannt? Messi
83%
14. Welcher Verein gewann 2016 überraschenderweise die Premier League? Leicester City
82%
17. Welcher Spieler traf in 5 verschiedenen Weltmeisterschaften? Ronaldo
81%
3. Welcher Trainer gewann die meisten Champions-League-Titel? Ancelotti
79%
20. Welche Mannschaft gewann 2009 erstmals das Sextupel? 6 Titel in einem Kalenderjahr. Barcelona
79%
12. Welcher Verein gewann die Europa League 2022? Frankfurt
79%
7. Welche Mannschaft wird "Die Reds" genannt? Liverpool
70%
19. Der älteste Fußballverein aller Zeiten? 24.Oktober 1857 Sheffield
22%
Keine übereinstimmenden Quizze gefunden
Verteilung der Resultate
Anzahl Personen mit jedem Resultat
Perzentil nach korrekt beantworteten Fragen
Ihre Resultats-Entwicklung
Sie haben dieses Quiz noch nicht gespielt